1133 1692 1201 1374 1579 1661 1244 1351 1353 1915 1207 1791 1074 1044 1948 1603 1483 1506 1648 2000 1313 1384 1983 1400 1271 1992 1828 1100 1405 1381 1364 1433 1280 1531 1820 1155 1191 1691 1274 1509 1405 1023 1282 1135 1269 1039 1501 1479 1412 1709 1540 1365 1404 1905 1146 1223 1913 1785 1371 1882 1437 1273 1393 1720 1763 1037 1293 1034 1458 1376 1351 1157 1847 1459 1863 1859 1262 1238 1886 1461 1387 1952 1901 1378 1924 1964 1353 1539 1062 1418 1339 1225 1409 1256 1421 1943 1215 1489 1880 BCNSPRNW ULIB Ver.6.0+V

เปลี่ยนเป็นภาษาไทย

Change to English
 แสดงรายละเอียดบรรณานุกรม
  กลับหน้าหลัก

Brief Record : Get Marc (ISO 2709) : E-mail record : QR code < ปิดหน้าต่าง
LEADER : 00000nam a2200000 a 4500
001    13399128300
003     ULIB
008    220606s2565 th a b 001 0 tha d
020    ^a9789740340942
040    ^acl
060 04 ^aQZ4^bศ169พ
100 0  ^aศราวุธ ปาลิโภชน์
245 10 ^aพยาธิวิทยาพื้นฐาน :^bสำหรับนักศึกษาหลักสูตรวิทยาศาสตร์สุขภาพ = Basicpathology : for health science students /^cศราวุธ ปาลิโภชน์
246 31 ^aBasic pathology :^bfor health science students
250    ^aพิมพ์ครั้งที่ 1
260    ^aกรุงเทพฯ :^bสำนักพิมพ์จุฬาลงกรณ์มหาวิทยาลัย,^c2565
300    ^aก-จ, 218 หน้า :^bภาพประกอบ ;^c27 ซม.
504    ^aมีบรรณานุกรมและดัชนี
505 2  ^aการปรับตัว การบาดเจ็บ และการตายของเซลล์ --การอักแสบเฉียบพลันและเรื้อรัง -- การซ่อมแซมเนื้อเยื่อ --ความผิดปกติของระบบไหลเวียนเลือด -- พยาธิวิทยาของเนื้องอกและมะเร็ง -- การบาดเจ็บจากปัจจัยทางกายภาพและพยาธิวิทยาสิ่งแวดล้อม --พยาธิวิทยาพื้นฐานของโรคติดเชื้อ
591    ^aLIRV มีพิมพ์ครั้งที่ 2 พ.ศ. 2565
650  2 ^aPathology
650  4 ^aพยาธิวิทยา
945    ^p380^l0^i29498
945    ^p380^l0^i29499
945    ^p380^l0^i29500
945    ^p380^l0^i29501
945    ^p380^l0^i29502
945    ^p380^l0^i29503
945    ^p380^l0^i29504
945    ^p380^l0^i29505
995    ^aกัณชพร จุลอักษร
999    ^aกัณชพร
รายการนี้ยังไม่มีแท็ก
คุณยังไม่ได้ล็อกอิน คุณสามารถมีกิจกรรมร่วมกับเว็บไซต์ได้ แต่ต้องล็อกอินก่อน ::
  ล็อกอิน

รายการสื่อสารสนเทศ

ลำดับที่ ประเภท เลขเรียก/บาร์โค้ด สถานที่ สถานะ
1. หนังสือสำรอง
หนังสือสำรอง
QZ4 ศ169พ ฉ.1 
  Barcode: 29498
ห้องสมุดวิทยาเขตนครสวรรค์
►หนังสือทั่วไป:l:General Books
บนชั้น
2. วิทยาศาสตร์การแพทย์ และสุขภาพ
วิทยาศาสตร์การแพทย์ และสุขภาพ
QZ4 ศ169พ ฉ.2 
  Barcode: 29499
ห้องสมุดวิทยาเขตนครสวรรค์
►หนังสือทั่วไป:l:General Books
บนชั้น
3. วิทยาศาสตร์การแพทย์ และสุขภาพ
วิทยาศาสตร์การแพทย์ และสุขภาพ
QZ4 ศ169พ ฉ.3 
  Barcode: 29500
ห้องสมุดวิทยาเขตนครสวรรค์
►หนังสือทั่วไป:l:General Books
บนชั้น
4. วิทยาศาสตร์การแพทย์ และสุขภาพ
วิทยาศาสตร์การแพทย์ และสุขภาพ
QZ4 ศ169พ ฉ.4 
  Barcode: 29501
ห้องสมุดวิทยาเขตนครสวรรค์
►หนังสือทั่วไป:l:General Books
บนชั้น
5. วิทยาศาสตร์การแพทย์ และสุขภาพ
วิทยาศาสตร์การแพทย์ และสุขภาพ
QZ4 ศ169พ ฉ.5 
  Barcode: 29502
ห้องสมุดวิทยาเขตนครสวรรค์
►หนังสือทั่วไป:l:General Books
บนชั้น
6. วิทยาศาสตร์การแพทย์ และสุขภาพ
วิทยาศาสตร์การแพทย์ และสุขภาพ
QZ4 ศ169พ ฉ.6 
  Barcode: 29503
ห้องสมุดวิทยาเขตนครสวรรค์
►หนังสือทั่วไป:l:General Books
บนชั้น
7. วิทยาศาสตร์การแพทย์ และสุขภาพ
วิทยาศาสตร์การแพทย์ และสุขภาพ
QZ4 ศ169พ ฉ.7 
  Barcode: 29504
ห้องสมุดวิทยาเขตนครสวรรค์
►หนังสือทั่วไป:l:General Books
บนชั้น
8. วิทยาศาสตร์การแพทย์ และสุขภาพ
วิทยาศาสตร์การแพทย์ และสุขภาพ
QZ4 ศ169พ ฉ.8 
  Barcode: 29505
ห้องสมุดวิทยาเขตนครสวรรค์
►หนังสือทั่วไป:l:General Books
บนชั้น

รายการใกล้เคียง
    ผู้แต่ง [ศราวุธ ปาลิโภชน์]

    หัวเรื่อง [Pathology]
    หัวเรื่อง [พยาธิวิทยา]

BibComment


ยังไม่เคยถูกคอมเมนท์

คอมเมนท์ทรัพยากรรายการนี้
  คอมเมนท์: พยาธิวิทยาพื้นฐา..


 Copyright 2026. Bcnsprnw @Library